Città più popolose senza squadra in Serie A 2025-26 - Statistics

Statistiche generali
  • Questo quiz è stato fatto 117 volte
  • Il punteggio medio è 7 su 10
Statistiche sulle risposte
Ultimo anno
con una squadra
in Serie A
Città Popolazione % Corretto
2010/11 Bari ~ 315,000
92%
2016/17 Palermo ~ 625,000
92%
2024/25 Venezia ~ 250,000
86%
2013/14 Catania ~ 300,000
81%
2019/20 Brescia ~ 200,000
71%
1958/59 Trieste ~ 200,000
64%
2006/07 Messina ~ 215,000
58%
1995/96 Padova ~ 210,000
54%
Mai Taranto ~ 185,000
45%
Mai Prato ~ 200,000
31%
Nessun quiz corrispondente trovato
Distribuzione punteggi
Percentuale di utenti per punteggio
Percentile per numero di risposta
I tuoi punteggi nel tempo
Non hai fatto questo quiz